000 00702nam a2200289Ia 4500
005 20260324132553.0
008 008 260324s9999 xx 000 0 eng d
020 _a9780203862506
037 _aEBOOK
040 _aCRL
040 _beng
040 _cCRL
041 _2eng
041 _aeng
084 _qCRL
100 _aDonald F Dufek; Camille P Schuster
_91189791
245 4 _aThe Consumer . . . or Else!
245 0 _bConsumer-Centric Business Paradigms
260 _bTaylor and Francis
260 _c2004
365 _a
365 _b220
856 _uhttp://www.taylorfrancis.com/books/9780203862506
942 _cEBOOK
999 _c1788009
_d1788009